|
|
|
|
| LEADER |
00000naa a2200000uu 4500 |
| 001 |
vtls010933397 |
| 003 |
SK-MaSNL |
| 005 |
20260302142225.0 |
| 008 |
210909|1999 xo |||||||||||||||||slo| |
| 015 |
|
|
|a SNBRA
|
| 035 |
|
|
|a (urnnbn)urn:nbn:sk:snk:ar-a0b5q0
|
| 035 |
|
|
|a (uuid)27b5da8e-2c0f-4c75-9dbb-33f8e8767a97
|
| 035 |
|
|
|a urn:nbn:sk:snk-aaty55
|
| 040 |
|
|
|a SNKBUCL
|b slo
|c SNKBUCL
|e AACR2
|
| 041 |
0 |
|
|a slo
|
| 044 |
|
|
|a xo
|c SK
|
| 100 |
1 |
|
|a Hambalík, A.
|4 aut
|9 798194
|
| 245 |
1 |
0 |
|a K NIEKTORÝM PROBLÉMOM REALIZÁCIE VYUČOVANIA PODPOROVANÉHO MULTIMÉDIAMI
|c A. Hambalík, A. Töröková, K. Tináková, Elek Elemérné, Lenke Tóthné Parázsó
|
| 700 |
1 |
|
|a Töröková, Anikó,
|d 1963-
|4 aut
|9 40081
|
| 700 |
1 |
|
|a Elek Elemérné
|4 aut
|9 830840
|
| 700 |
1 |
|
|a Tináková, Katarína,
|d 1952-
|4 aut
|9 244921
|
| 700 |
1 |
|
|a Lenke Tóthné Parázsó
|4 aut
|9 830841
|
| 773 |
0 |
|
|t Škola a učiteľ v treťom tisícročí
|d Nitra : SlovDidac, 1999
|g S. 76-79
|z 809677462X
|
| 958 |
|
|
|a OND
|
| 958 |
|
|
|a article11
|
| 958 |
|
|
|a chapter
|
| 999 |
|
|
|c 1338513
|d 1340443
|